<?xml version="1.0" encoding="UTF-8"?>
<collection xmlns="http://www.loc.gov/MARC21/slim">
 <record>
  <leader>07453nam a22006015i 4500</leader>
  <controlfield tag="001">978-3-642-37256-8</controlfield>
  <controlfield tag="003">DE-He213</controlfield>
  <controlfield tag="005">20210624233659.0</controlfield>
  <controlfield tag="007">cr nn 008mamaa</controlfield>
  <controlfield tag="008">130321s2013    gw |    s    |||| 0|eng d</controlfield>
  <datafield tag="020" ind1=" " ind2=" ">
   <subfield code="a">9783642372568</subfield>
   <subfield code="9">978-3-642-37256-8</subfield>
  </datafield>
  <datafield tag="024" ind1="7" ind2=" ">
   <subfield code="a">10.1007/978-3-642-37256-8</subfield>
   <subfield code="2">doi</subfield>
  </datafield>
  <datafield tag="050" ind1=" " ind2="4">
   <subfield code="a">QA76.76.A65</subfield>
  </datafield>
  <datafield tag="072" ind1=" " ind2="7">
   <subfield code="a">UNH</subfield>
   <subfield code="2">bicssc</subfield>
  </datafield>
  <datafield tag="072" ind1=" " ind2="7">
   <subfield code="a">COM032000</subfield>
   <subfield code="2">bisacsh</subfield>
  </datafield>
  <datafield tag="072" ind1=" " ind2="7">
   <subfield code="a">UNH</subfield>
   <subfield code="2">thema</subfield>
  </datafield>
  <datafield tag="072" ind1=" " ind2="7">
   <subfield code="a">UDBD</subfield>
   <subfield code="2">thema</subfield>
  </datafield>
  <datafield tag="082" ind1="0" ind2="4">
   <subfield code="a">005.7</subfield>
   <subfield code="2">23</subfield>
  </datafield>
  <datafield tag="245" ind1="1" ind2="0">
   <subfield code="a">Computational Linguistics and Intelligent Text Processing</subfield>
   <subfield code="h">[electronic resource] :</subfield>
   <subfield code="b">14th International Conference, CICLing 2013, Karlovasi, Samos, Greece, March 24-30, 2013, Proceedings, Part II /</subfield>
   <subfield code="c">edited by Alexander Gelbukh.</subfield>
  </datafield>
  <datafield tag="250" ind1=" " ind2=" ">
   <subfield code="a">1st ed. 2013.</subfield>
  </datafield>
  <datafield tag="264" ind1=" " ind2="1">
   <subfield code="a">Berlin, Heidelberg :</subfield>
   <subfield code="b">Springer Berlin Heidelberg :</subfield>
   <subfield code="b">Imprint: Springer,</subfield>
   <subfield code="c">2013.</subfield>
  </datafield>
  <datafield tag="300" ind1=" " ind2=" ">
   <subfield code="a">XXVI, 576 p. 106 illus.</subfield>
   <subfield code="b">online resource.</subfield>
  </datafield>
  <datafield tag="336" ind1=" " ind2=" ">
   <subfield code="a">text</subfield>
   <subfield code="b">txt</subfield>
   <subfield code="2">rdacontent</subfield>
  </datafield>
  <datafield tag="337" ind1=" " ind2=" ">
   <subfield code="a">computer</subfield>
   <subfield code="b">c</subfield>
   <subfield code="2">rdamedia</subfield>
  </datafield>
  <datafield tag="338" ind1=" " ind2=" ">
   <subfield code="a">online resource</subfield>
   <subfield code="b">cr</subfield>
   <subfield code="2">rdacarrier</subfield>
  </datafield>
  <datafield tag="347" ind1=" " ind2=" ">
   <subfield code="a">text file</subfield>
   <subfield code="b">PDF</subfield>
   <subfield code="2">rda</subfield>
  </datafield>
  <datafield tag="490" ind1="1" ind2=" ">
   <subfield code="a">Theoretical Computer Science and General Issues ;</subfield>
   <subfield code="v">7817</subfield>
  </datafield>
  <datafield tag="505" ind1="0" ind2=" ">
   <subfield code="a">Sentiment, Polarity, Emotion, Subjectivity, and Opinion -- Damping Sentiment Analysis in Online Communication: Discussions, Monologs and Dialogs (Invited paper) -- Optimal Feature Selection for Sentiment Analysis -- Measuring the Effect of Discourse Structure on Sentiment Analysis -- Lost in Translation: Viability of Machine Translation for Cross Language Sentiment Analysis -- An Enhanced Semantic Tree Kernel for Sentiment Polarity Classification -- Combining Supervised and Unsupervised Polarity Classification for non-English Reviews -- Word Polarity Detection Using a Multilingual Approach -- Mining Automatic Speech Transcripts for the Retrieval of Problematic Calls -- Cross-Lingual Projections vs. Corpora Extracted Subjectivity Lexicons for Less-Resourced Languages -- Predicting Subjectivity Orientation of Online Forum Threads -- Distant Supervision for Emotion Classification with Discrete Binary Values -- Using Google n-grams to Expand Word-Emotion Association Lexicon -- A Joint Prediction Model for Multiple Emotions Analysis in Sentences -- Evaluating the Impact of Syntax and Semantics on Emotion Recognition from Text -- Chinese Emotion Lexicon Developing via Multi-lingual Lexical Resources Integration -- N-Gram-Based Recognition of Threatening Tweets -- Distinguishing the Popularity between Topics: A System for Up-to-Date Opinion Retrieval and Mining in the Web -- Machine Translation and Multilingualism -- No Free Lunch in Factored Phrase-Based Machine Translation -- Domain Adaptation in Statistical Machine Translation Using Comparable Corpora: Case Study for English Latvian IT Localisation (Best Student Paper Award) -- Assessing the Accuracy of Discourse Connective Translations: Validation of an Automatic Metric -- An Empirical Study on Word Segmentation for Chinese Machine Translation -- Class-Based Language Models for Chinese-English Parallel Corpus -- Building a Bilingual Dictionary from a Japanese-Chinese Patent Corpus -- A Diagnostic Evaluation Approach for English to Hindi MT Using Linguistic Checkpoints and Error Rates -- Leveraging Arabic-English Bilingual Corpora with Crowd Sourcing-Based Annotation for Arabic-Hebrew SMT -- Automatic and Human Evaluation on English-Croatian Legislative Test Set -- Text Mining, Information Extraction, and Information Retrieval -- Enhancing Search: Events and Their Discourse Context (Invited paper) -- Distributional Term Representations for Short-Text Categorization -- Learning Bayesian Network Using Parse Trees for Extraction of Protein-Protein Interaction -- A Model for Information Extraction in Portuguese Based on Text Patterns -- A Study on Query Expansion Based on Topic Distributions of Retrieved Documents -- Link Analysis for Representing and Retrieving Legal Information -- Text Summarization -- Discursive Sentence Compression -- A Knowledge Induced Graph-Theoretical Model for Extract and Abstract Single Document Summarization -- Hierarchical Clustering in Improving Microblog Stream Summarization -- Summary Evaluation: Together We Stand NPowER-ed -- Stylometry and Text Simplification Explanation in Computational Stylometry (Invited paper) -- The Use of Orthogonal Similarity Relations in the Prediction of Authorship -- ERNESTA: A Sentence Simplification Tool for Children’s Stories in Italian -- Automatic Text Simplification in Spanish: A Comparative Evaluation of Complementing Modules -- The Impact of Lexical Simplification by Verbal Paraphrases for People with and without Dyslexia -- Detecting Apposition for Text Simplification in Basque -- Applications -- Automation of Linguistic Creativitas for Adslogia -- Allongos: Longitudinal Alignment for the Genetic Study of Writers’ Drafts -- A Combined Method Based on Stochastic and Linguistic Paradigm for the Understanding of Arabic Spontaneous Utterances -- Evidence in Automatic Error Correction Improves Learners’ English Skill.</subfield>
  </datafield>
  <datafield tag="520" ind1=" " ind2=" ">
   <subfield code="a">This two-volume set, consisting of LNCS 7816 and LNCS 7817, constitutes the thoroughly refereed proceedings of the 13th International Conference on Computer Linguistics and Intelligent Processing, CICLING 2013, held on Samos, Greece, in March 2013. The total of 91 contributions presented was carefully reviewed and selected for inclusion in the proceedings. The papers are organized in topical sections named: general techniques; lexical resources; morphology and tokenization; syntax and named entity recognition; word sense disambiguation and coreference resolution; semantics and discourse; sentiment, polarity, subjectivity, and opinion; machine translation and multilingualism; text mining, information extraction, and information retrieval; text summarization; stylometry and text simplification; and applications.</subfield>
  </datafield>
  <datafield tag="650" ind1=" " ind2="0">
   <subfield code="a">Application software.</subfield>
  </datafield>
  <datafield tag="650" ind1=" " ind2="0">
   <subfield code="a">Data mining.</subfield>
  </datafield>
  <datafield tag="650" ind1=" " ind2="0">
   <subfield code="a">Information storage and retrieval.</subfield>
  </datafield>
  <datafield tag="650" ind1=" " ind2="0">
   <subfield code="a">Artificial intelligence.</subfield>
  </datafield>
  <datafield tag="650" ind1=" " ind2="0">
   <subfield code="a">Database management.</subfield>
  </datafield>
  <datafield tag="650" ind1=" " ind2="0">
   <subfield code="a">Computational linguistics.</subfield>
  </datafield>
  <datafield tag="650" ind1="1" ind2="4">
   <subfield code="a">Information Systems Applications (incl. Internet).</subfield>
   <subfield code="0">https://scigraph.springernature.com/ontologies/product-market-codes/I18040</subfield>
  </datafield>
  <datafield tag="650" ind1="2" ind2="4">
   <subfield code="a">Data Mining and Knowledge Discovery.</subfield>
   <subfield code="0">https://scigraph.springernature.com/ontologies/product-market-codes/I18030</subfield>
  </datafield>
  <datafield tag="650" ind1="2" ind2="4">
   <subfield code="a">Information Storage and Retrieval.</subfield>
   <subfield code="0">https://scigraph.springernature.com/ontologies/product-market-codes/I18032</subfield>
  </datafield>
  <datafield tag="650" ind1="2" ind2="4">
   <subfield code="a">Artificial Intelligence.</subfield>
   <subfield code="0">https://scigraph.springernature.com/ontologies/product-market-codes/I21000</subfield>
  </datafield>
  <datafield tag="650" ind1="2" ind2="4">
   <subfield code="a">Database Management.</subfield>
   <subfield code="0">https://scigraph.springernature.com/ontologies/product-market-codes/I18024</subfield>
  </datafield>
  <datafield tag="650" ind1="2" ind2="4">
   <subfield code="a">Computational Linguistics.</subfield>
   <subfield code="0">https://scigraph.springernature.com/ontologies/product-market-codes/N22000</subfield>
  </datafield>
  <datafield tag="700" ind1="1" ind2=" ">
   <subfield code="a">Gelbukh, Alexander.</subfield>
   <subfield code="e">editor.</subfield>
   <subfield code="4">edt</subfield>
   <subfield code="4">http://id.loc.gov/vocabulary/relators/edt</subfield>
  </datafield>
  <datafield tag="710" ind1="2" ind2=" ">
   <subfield code="a">SpringerLink (Online service)</subfield>
  </datafield>
  <datafield tag="773" ind1="0" ind2=" ">
   <subfield code="t">Springer Nature eBook</subfield>
  </datafield>
  <datafield tag="776" ind1="0" ind2="8">
   <subfield code="i">Printed edition:</subfield>
   <subfield code="z">9783642372575</subfield>
  </datafield>
  <datafield tag="776" ind1="0" ind2="8">
   <subfield code="i">Printed edition:</subfield>
   <subfield code="z">9783642372551</subfield>
  </datafield>
  <datafield tag="830" ind1=" " ind2="0">
   <subfield code="a">Theoretical Computer Science and General Issues ;</subfield>
   <subfield code="v">7817</subfield>
  </datafield>
  <datafield tag="856" ind1="4" ind2="0">
   <subfield code="u">https://doi.org/10.1007/978-3-642-37256-8</subfield>
  </datafield>
  <datafield tag="912" ind1=" " ind2=" ">
   <subfield code="a">ZDB-2-SCS</subfield>
  </datafield>
  <datafield tag="912" ind1=" " ind2=" ">
   <subfield code="a">ZDB-2-SXCS</subfield>
  </datafield>
  <datafield tag="912" ind1=" " ind2=" ">
   <subfield code="a">ZDB-2-LNC</subfield>
  </datafield>
  <datafield tag="950" ind1=" " ind2=" ">
   <subfield code="a">Computer Science (SpringerNature-11645)</subfield>
  </datafield>
  <datafield tag="950" ind1=" " ind2=" ">
   <subfield code="a">Computer Science (R0) (SpringerNature-43710)</subfield>
  </datafield>
 </record>
</collection>
